|
|
|
|
| LEADER |
00759cam a2200217 7i4500 |
| 001 |
0000006903 |
| 005 |
20170218090000.0 |
| 020 |
|
|
|a 9780273651673
|
| 020 |
|
|
|a 0273651676 (pbk.)
|
| 090 |
0 |
0 |
|a HF5686.C8
|b R84 2002
|
| 100 |
1 |
|
|a Russell, David
|
| 245 |
1 |
0 |
|a Cost accounting :
|b an essential guide
|c David Russell, Ashok Patel and Gregory Wilkinson-Riddle.
|
| 260 |
|
|
|a Harlow:
|b Financial Times/Prentice Hall,
|c 2002.
|
| 300 |
|
|
|a x, 184 p.:
|b ill.;
|c 24 cm.
|
| 650 |
0 |
0 |
|a Cost accounting
|
| 700 |
1 |
|
|a Patel, Ashok
|
| 700 |
1 |
|
|a Wilkinson-Riddle, Gregory
|
| 997 |
|
|
|a Business & Accountancy, Faculty
|
| 998 |
|
|
|a Accountancy, Degree
|
| 999 |
|
|
|a 0000004238
|b BOK
|c OPEN SHELF
|e 1st Floor, Shah Alam
|
| 999 |
|
|
|a 0000023907
|b BOK
|c OPEN SHELF
|e 1st Floor, Shah Alam
|